[Event "CRO-chT2 Center"]
[Site "Croatia"]
[Date "2011.10.23"]
[Round "11.65"]
[White "Mihalinec, Damir"]
[Black "Gajic, Marko"]
[Result "0-1"]
[WhiteElo "2238"]
[BlackElo "2127"]
[PlyCount "168"]
[EventDate "2011.03.20"]
[EventType "team-tourn"]
[EventRounds "11"]
[EventCountry "CRO"]
[SourceTitle "EXT 2014"]
[Source "ChessBase"]
[SourceDate "2013.11.20"]
[SourceVersion "1"]
[SourceVersionDate "2013.11.20"]
[SourceQuality "1"]

1. c4 Nf6 2. Nc3 e6 3. g3 d5 4. Bg2 d4 5. Ne4 Be7 6. d3 0-0 7. Nxf6+ Bxf6 8. Qb3 Nd7 9. Nf3 Nc5 10. Qa3 Be7 11. b4 Na6 12. Bd2 c5 13. bxc5 Bxc5 14. Qb2 f6 15. h4 e5 16. h5 Rb8 17. Nh4 Nc7 18. Rb1 Be6 19. Qc1 b6 20. f4 Bg4 21. Nf3 exf4 22. Bxf4 Qe7 23. Bxc7 Qxc7 24. Qf4 Qxf4 25. gxf4 Rfe8 26. Rh4 Bf5 27. Kf2 Re3 28. Nd2 Rbe8 29. Bf3 R3e7 30. Nf1 Bc8 31. Ng3 f5 32. Bc6 Rd8 33. Nf1 Rc7 34. Bd5+ Kf8 35. Nd2 Be7 36. Rh2 Bd6 37. Rh4 Be7 38. Rh3 Bb7 39. Bxb7 Rxb7 40. Rb5 Bc5 41. Nf3 a6 42. Rb3 b5 43. Ng5 Kg8 44. Ne6 Rc8 45. Rg3 Re7 46. Nxc5 Rxc5 47. Rb4 bxc4 48. dxc4 Rec7 49. Ra3 Rxc4 50. Rxc4 Rxc4 51. Rxa6 Rc2 52. Ke1 Kf7 53. Kd1 Rb2 54. a4 Ra2 55. a5 Ra4 56. Kd2 Ra3 57. Ra8 Kf6 58. a6 Kf7 59. a7 h6 60. Kc2 Ra2+ 61. Kd3 Ra3+ 62. Kxd4 Ra4+ 63. Ke5 Ra5+ 64. Kd6 Ra6+ 65. Kc7 Ra1 66. Kc6 Ra2 67. Rd8 Rxa7 68. Rd7+ Rxd7 69. Kxd7 Kf6 70. Kd6 g5 71. hxg6 h5 72. g7 Kxg7 73. Ke6 h4 74. e4 h3 75. Ke7 h2 76. exf5 h1Q 77. f6+ Kg6 78. f5+ Kxf5 79. f7 Qh7 80. Ke8 Qh5 81. Ke7 Qg5+ 82. Ke8 Qg6 83. Ke7 Qg7 84. Ke8 Ke6 0-1

[Event "CRO-chT2 Center"]
[Site "Croatia"]
[Date "2011.03.20"]
[Round "1.15"]
[White "Gajic, Marko"]
[Black "Dinic, Nenad"]
[Result "1/2-1/2"]
[WhiteElo "2127"]
[BlackElo "2042"]
[PlyCount "20"]
[EventDate "2011.03.20"]
[EventType "team-tourn"]
[EventRounds "11"]
[EventCountry "CRO"]
[SourceTitle "EXT 2014"]
[Source "ChessBase"]
[SourceDate "2013.11.20"]
[SourceVersion "1"]
[SourceVersionDate "2013.11.20"]
[SourceQuality "1"]

1. e4 c5 2. Nf3 Nf6 3. e5 Nd5 4. Nc3 e6 5. Nxd5 exd5 6. d4 Nc6 7. dxc5 Bxc5 8. Qxd5 d6 9. exd6 Qb6 10. Qd2 0-0 1/2-1/2

[Event "CRO-chT2b"]
[Site "Croatia"]
[Date "2009.11.08"]
[Round "11"]
[White "Gajic, Marko"]
[Black "Horvat, David"]
[Result "0-1"]
[WhiteElo "2131"]
[BlackElo "2060"]
[PlyCount "94"]
[EventDate "2009.03.01"]
[EventType "team-tourn"]
[EventRounds "11"]
[EventCountry "CRO"]
[SourceTitle "EXT 2011"]
[Source "ChessBase"]
[SourceDate "2010.11.26"]
[SourceVersion "1"]
[SourceVersionDate "2010.11.26"]
[SourceQuality "1"]

1. e4 c5 2. c3 d5 3. exd5 Qxd5 4. d4 g6 5. Nf3 Bg7 6. Be2 cxd4 7. cxd4 Nf6 8. Nc3 Qa5 9. 0-0 0-0 10. Ne5 Nbd7 11. Nc4 Qd8 12. Bg5 Nb6 13. Qd2 Nbd5 14. Rfe1 Nxc3 15. bxc3 Ne4 16. Qe3 Nxg5 17. Qxg5 Be6 18. Ne3 Rc8 19. Nd1 Bf6 20. Qb5 Bd5 21. Ne3 Bc6 22. Qb3 e6 23. Rac1 Qa5 24. Bf1 Rfd8 25. Ng4 Bg7 26. Ne5 Bd5 27. c4 Bc6 28. Qb2 b6 29. g3 Ba8 30. Bg2 Bxg2 31. Kxg2 Qa4 32. Re4 Bxe5 33. dxe5 Qc6 34. f3 Rd3 35. Rc3 Rcd8 36. Rxd3 Rxd3 37. Kf2 Qd7 38. Re2 Qc6 39. Re4 Qd7 40. Re2 Rd1 41. Kg2 Qd3 42. Qc2 Qd4 43. Kh3 h5 44. f4 Kg7 45. a4 Rd3 46. Qa2 Qxf4 47. a5 h4 0-1

[Event "CRO-chT2b"]
[Site "Croatia"]
[Date "2009.03.15"]
[Round "5"]
[White "Margitic, Zdravko"]
[Black "Gajic, Marko"]
[Result "1/2-1/2"]
[WhiteElo "2161"]
[BlackElo "2133"]
[PlyCount "108"]
[EventDate "2009.03.01"]
[EventType "team-tourn"]
[EventRounds "11"]
[EventCountry "CRO"]
[SourceTitle "EXT 2010"]
[Source "ChessBase"]
[SourceDate "2010.11.25"]
[SourceVersion "1"]
[SourceVersionDate "2010.11.25"]
[SourceQuality "1"]

1. e4 e5 2. Nf3 Nc6 3. Bb5 a6 4. Ba4 Nf6 5. 0-0 Nxe4 6. Qe2 Nc5 7. Bxc6 dxc6 8. d4 Ne6 9. dxe5 Nd4 10. Nxd4 Qxd4 11. h3 Bd7 12. Rd1 Qh4 13. Nc3 0-0-0 14. Ne4 Be7 15. Rd4 Kb8 16. c3 Be6 17. Nd6 Qxd4 18. cxd4 cxd6 19. Be3 h5 20. f4 g6 21. Bf2 d5 22. a4 Ka7 23. Qd2 Rc8 24. b4 b6 25. Be1 Kb7 26. Qe2 Bf5 27. b5 cxb5 28. axb5 a5 29. Ra2 Rc1 30. Kh2 Rhc8 31. e6 fxe6 32. Qe5 R1c2 33. Rxc2 Rxc2 34. Kg1 a4 35. g4 hxg4 36. hxg4 Bxg4 37. f5 Bxf5 38. Bg3 Kc8 39. Qb8+ Kd7 40. Qa7+ Ke8 41. Qxa4 Be4 42. Qa8+ Kf7 43. Be5 Rc1+ 44. Kh2 Rh1+ 45. Kg3 Rg1+ 46. Kf2 Rg2+ 47. Kf1 Rb2 48. Qc6 Bd3+ 49. Kg1 Rxb5 50. Qb7 Rb1+ 51. Kh2 Kf8 52. Qb8+ Kf7 53. Qb7 Kf8 54. Qb8+ Kf7 1/2-1/2

[Event "CRO-chT2b"]
[Site "Croatia"]
[Date "2009.03.08"]
[Round "3"]
[White "Babic, Ivan"]
[Black "Gajic, Marko"]
[Result "1/2-1/2"]
[WhiteElo "1915"]
[BlackElo "2133"]
[PlyCount "60"]
[EventDate "2009.03.01"]
[EventType "team-tourn"]
[EventRounds "11"]
[EventCountry "CRO"]
[SourceTitle "EXT 2010"]
[Source "ChessBase"]
[SourceDate "2010.11.25"]
[SourceVersion "1"]
[SourceVersionDate "2010.11.25"]
[SourceQuality "1"]

1. d4 d5 2. Nf3 e6 3. Bf4 c5 4. e3 Nf6 5. Nbd2 Nc6 6. c3 Be7 7. Bd3 0-0 8. h3 Bd7 9. 0-0 Rc8 10. Rc1 a6 11. a4 c4 12. Bc2 b5 13. e4 b4 14. Ne5 Nxe5 15. dxe5 bxc3 16. bxc3 Ne8 17. Be3 Bc5 18. Bxc5 Rxc5 19. Nf3 Bc6 20. Qd4 Qe7 21. Rb1 Nc7 22. exd5 Bxd5 23. Be4 Bxe4 24. Qxe4 Nd5 25. Qc2 Qc7 26. Ng5 g6 27. Ne4 Rc6 28. Nd6 Qa5 29. Ne4 Qc7 30. Nd6 Qa5 1/2-1/2

[Event "CRO-chT3 Center"]
[Site "Zagreb"]
[Date "2005.05.15"]
[Round "5.1"]
[White "Brigljevic, Milan"]
[Black "Gajic, Marko"]
[Result "0-1"]
[WhiteElo "2249"]
[BlackElo "2142"]
[PlyCount "63"]
[EventDate "2005.04.03"]
[EventType "team-tourn"]
[EventRounds "11"]
[EventCountry "CRO"]
[SourceTitle "EXT 2007"]
[Source "ChessBase"]
[SourceDate "2006.11.23"]
[SourceVersion "1"]
[SourceVersionDate "2006.11.23"]
[SourceQuality "1"]

1. e4 e5 2. Nf3 Nc6 3. Bc4 Bc5 4. c3 Nf6 5. d3 a6 6. 0-0 Ba7 7. Bb3 d6 8. h3 0-0 9. Re1 Be6 10. Bxe6 fxe6 11. Nbd2 Nh5 12. Nf1 Nf4 13. Be3 Qe8 14. Bxa7 Rxa7 15. d4 Qh5 16. Re3 Raa8 17. Ng3 Qg6 18. Qb3 b5 19. a4 Na5 20. Qd1 Nc4 21. Re1 Nxb2 22. Qc2 Nxa4 23. Nh2 h5 24. h4 Qf6 25. Nf3 Nxg2 26. Kxg2 Qxf3+ 27. Kg1 Qxc3 28. Qe2 Qf3 29. Nxh5 Qxe2 30. Rxe2 exd4 31. Kg2 Nc3 32. Rd2 0-1

[Event "Zadar op"]
[Site "Zadar"]
[Date "2004.12.13"]
[Round "1.11"]
[White "Kosic, Dragan"]
[Black "Gajic, Marko"]
[Result "1-0"]
[WhiteElo "2519"]
[BlackElo "2111"]
[PlyCount "57"]
[EventDate "2004.12.13"]
[EventType "swiss"]
[EventRounds "9"]
[EventCountry "CRO"]
[SourceTitle "CBM 103 Extra"]
[Source "ChessBase"]
[SourceDate "2005.01.01"]
[SourceVersion "1"]
[SourceVersionDate "2005.01.01"]
[SourceQuality "1"]

1. d4 d5 2. Nf3 c5 3. e3 e6 4. b3 Nf6 5. Bd3 cxd4 6. exd4 Nc6 7. 0-0 Be7 8. Re1 0-0 9. a3 b6 10. Nbd2 Bb7 11. Bb2 Re8 12. Ng5 h6 13. Ngf3 Rc8 14. Nf1 Nb8 15. Qe2 Nbd7 16. Ng3 Qc7 17. Ne5 Nxe5 18. dxe5 Nh7 19. Qg4 Kh8 20. Nh5 Rg8 21. Re3 Qd8 22. Rg3 g6 23. Nf4 Rc7 24. Rd1 Bg5 25. Bc1 h5 26. Qe2 Qf8 27. Nxe6 fxe6 28. Bxg5 Nxg5 29. Rxg5 1-0